Responses for Show #7443 - Wednesday, January 11, 2017

Contestants

[<< previous game]

Alain Norman, a foreign service officer from Silver Spring, Maryland

Zoey Orol, an attorney from New York, New York

Colby Taylor, an assistant professor of psychology from Olive Branch, Mississippi (whose 1-day cash winnings total $18,399)

[next game >>]

Jeopardy! Round responses

HBO, GO!
THE BISHOP
AUSTRALIANA
MISSING LINKS
LETTERS FROM WRITERS
"L"THY FOOD
(Alex: Each correct response beginning with the letter L.)
    $200 4
Kurt Cobain

Colby
    $200 5
Salem

Colby
    $200 3
Canberra

Zoey
    $200 19
wheel

Colby
    $200 17
(Jack) Kerouac

Colby
    $200 1
lasagna

Alain
    $400 9
Newsroom

Colby
    $400 6
Saint Nicholas

Colby
    $400 10
Elle MacPherson

Alain
    $400 20
club

Colby
    $400 18
(F. Scott) Fitzgerald

Colby
    $400 2
Limburger

Triple Stumper
    $600 13
(Colby: Who is LeBron James?)

Dwayne Johnson ("The Rock")

Colby
Triple Stumper
    $600 7
an ordination

Colby
    $600 11
(Alex: That's right. You didn't have to ring in.)

New South Wales

Alain
    $600 21
(Alain: Uh, what is empress?)

queen

ColbyAlain
    $600 24
Margaret Mitchell

Triple Stumper
    $600 14
lentil

Alain
    $800 29
[The end-of-round signal sounds.]

The Sopranos

Triple Stumper
    $800 8
creation (of the universe)

Zoey
    $800 12
an emu

Zoey
    $800 22
salt

Colby
    $800 27
(Robert) Heinlein

Alain
    $800 15
lo mein

Zoey
    $1000 25
Saint Denis

Colby
    $1000 26
(Alex: Less than a minute.)

Qantas

Zoey
    $1000 23
pinch

Triple Stumper
    $1000 28
Ayn Rand

Zoey
    $1000 16
liverwurst

Triple Stumper

Scores at the first commercial break (after clue 15):

Colby Zoey Alain
$1,200 $2,600 $1,800

Scores at the end of the Jeopardy! Round:

Colby Zoey Alain
$4,800 $4,600 $2,000

Double Jeopardy! Round responses

HUMANITARIANS
NICE "GAM"S!
AROUND THE WORLD
COMPANIES' PRODUCTS
'80s NO. 1 ALBUMS
THE BOLD & THE BEAUTIFUL
(Alex: And finally, we will have characters from the television series [*] delivering clues about people famous for being bold and/or beautiful.)
    $400 6
the Mediterranean

Colby
    $400 14
gambol

Alain
    $400 1
Brazil

Alain
    $400 21
(Alex: Less than a minute now.)

Kodak

Colby
    $400 26
The Police

Alain
    $400 7
Alexander the Great

Colby
    $3,000 12
(Alex: Colby?)
(Colby: [Shakes head])
(Alex: The man had a famous list.)

(Oskar) Schindler

Colby
    $800 17
a gambit

Zoey
    $800 2
the Mississippi

Colby
    $800 22
Apple

Zoey
    $800 27
The Go-Go's

Triple Stumper
    $800 8
(Alex: Yeah, this is a fun category, isn't it? Yeah.)

Narcissus

Colby
    $1200 13
Jordan

Zoey
    $1200 18
Gamgee

Colby
    $1200 3
the Atlas Mountains

Colby
    $1200 23
Quaker Oats

Alain
    $1200 28
[The end-of-round signal sounds.]

The Wall

Alain
    $1200 9
Lady Godiva

Colby
    $1600 15
Father Flanagan

Triple Stumper
    $1600 19
gammon

Triple Stumper
    $1600 4
(Alain: What is Burma?)
(Colby: What is Bhutan?)

Bangladesh

ColbyAlain
Triple Stumper
    $1600 24
(Alain: Uh... totally blanking, sorry.)

IBM

Alain
Triple Stumper
    $1600 10
Mata Hari

Colby
    $2000 16
Dr. Schweitzer

Alain
    $2000 20
a gambrel

Triple Stumper
    $2000 5
Guam

Alain
    $2000 25
Toyota

Zoey
    $2,000 11
[Applause for Colby's run of the category and/or Daily Double response]
(Alex: And for that fun category, our thanks to the actors and actresses on The Bold & the Beautiful. They are, indeed, bold and beautiful.)

the Rubicon

Colby

Scores at the end of the Double Jeopardy! Round:

Colby Zoey Alain
$10,200 $9,400 $6,400

[wagering suggestions for these scores]

Final Jeopardy! Round responses

SHAKESPEARE
(Alex: [To Colby] That's not a Shakespeare play, but [*] is.)
AlainWho are Anthony and Cleopatra?
$5,000
ZoeyWho are Antony and Cleopatra?
$5,000
ColbyWho are Tristen + Isolde?
$9,401
Troilus and Cressida

Final scores:

Colby Zoey Alain
$799 $4,400 $1,400
3rd place: $1,000 New champion: $4,400 2nd place: $2,000

Game dynamics:

Coryat scores:

Colby Zoey Alain
$13,200 $9,400 $6,400
22 R
(including 1 DD),
3 W
(including 1 DD)
10 R,
0 W
12 R
(including 1 DD),
3 W

Combined Coryat: $29,000

[game clues] [game scores] [suggest correction]

Game tape date: 2016-09-21
The J! Archive is created by fans, for fans. Scraping, republication, monetization, and malicious use prohibited; this site may use cookies and collect identifying information. See terms. The Jeopardy! game show and all elements thereof, including but not limited to copyright and trademark thereto, are the property of Jeopardy Productions, Inc. and are protected under law. This website is not affiliated with, sponsored by, or operated by Jeopardy Productions, Inc. Join the discussion at JBoard.tv.